Allgemeinwissen Quiz #1 - Statistiken

Allgemein
  • Dieses Quiz wurde 21.110 mal gespielt
    21.061 seit der letzten Aktualisierung
  • Das Durchschnittsergebnis liegt bei 10 aus 20
Antwortstatistiken
Frage Antwort % Korrekt
In welcher Sprache wurde der katholische Gottesdienst bis in die 1960er-Jahre immer gehalten? Latein
83%
Welcher Buchstabe ist im Deutschen am seltensten? Q
81%
Wie lautet das Sprichwort: Jemandem ist eine ____ über die Leber gelaufen Laus
77%
Wer ist die Band mit den meisten verkauften Tonträgern Schwedens aller Zeiten? ABBA
75%
Drei Elemente des Periodensystems starten mit Z. Nenne eins. Zinn / Zink / Zirconium
74%
Welches Element hat das Symbol Pb? Blei
62%
Was ist das spanische Wort für „Stier“? Toro
57%
Das Westjordanland ist Palästina-Territorium. Wie heißt der andere Teil? Der Gazastreifen
54%
Wie heißt die Hauptstadt der Philippinen? Manila
54%
Wie heißt die größte deutsche Insel, mit Hauptort Bergen? Rügen
52%
Wer starb 1948 in Neu-Delhi und gewann nie den Nobelpreis? (Es wird als die größte Nichtberücksichtigung in der Geschichte der Auszeichnung bezeichnet) Mohandas Gandhi
51%
Welches Land baute die Maginot-Linie, um einer Invasion vom östlichen Nachbarland standzuhalten? (Es hat nicht funktioniert) Frankreich
50%
Welche Stadt grenzt an das Goldene Horn, den Bosporus und das Marmarameer? Istanbul
47%
Wodurch lässt sich die Wurfgröße bei Säugetieren meist abschätzen? Anzahl der ______ Zitzen
47%
Wer war die zweite Ehefrau von John Lennon? Yoko Ono
41%
Wer spielte die Rolle von James Bond direkt vor Daniel Craig? Pierce Brosnan
24%
Welche Stadt mit einer Bevölkerung von über 10 Millionen ist am nähesten zu New York City? Mexiko-Stadt
21%
Was konnten Kassandra, Jeremia und Krake Paul sehen, das die meisten Leute nicht sehen können? Die Zukunft
20%
Wer war Trainer der deutschen Fußballweltmeister von 1954 und prägte den Ausspruch "Das Runde muss ins Eckige“? Sepp Herberger
15%
Welcher frühere Patentprüfer wurde 1999 vom Time Magazin zur "Person des Jahrhunderts" ernannt? Albert Einstein
14%
Keine übereinstimmenden Quizze gefunden
Verteilung der Resultate
Anzahl Personen mit jedem Resultat
Perzentil nach korrekt beantworteten Fragen
Ihre Resultats-Entwicklung
Sie haben dieses Quiz seit der letzten Aktualisierung nicht gespielt